000 00779nam a2200217 a 4500
003 0
005 20250224094842.0
008 101112s19uu xx 00 eng d
050 _aPHS TD 192.5
_b.H43 2010
100 _aHernandez, Ivan Crys T.
245 _aThe use of Pseudomonas putida in degrading motor oil /
_cIvan Crys T. Hernandez.
260 _aLas PiƱas City, Philippines :
_bSouthville International School and Colleges,
_c2010.
300 _a23 pages :
_billustrations ;
_c30 cm.
504 _aIncludes bibliographical references.
650 _aPseudomonas putida.
650 _aBiodegradation, Environmental.
650 _aOil pollution
_xBioremediation.
650 _aMicrobial degradation.
650 _aMotor oils
_xEnvironmental aspects.
942 _2lcc
_cPASS
999 _c98492
_d98492